000 00469nam a2200181Ia 4500
005 20240823044117.0
008 240823s9999||||xx |||||||||||||| ||und||
041 _aENGLISH
082 _A621.382 N3
100 _a"Hancock,John C"
245 3 _aAn Introduction to The Principles of Communication Theory
250 _a1st
260 _c1993
_b"TMH,New Delhi"
500 _aYES
650 _aElectronics Communication
_bElectronics
942 _cBK
999 _c211798
_d211798